| 000 | 00967nam a2200265 4500 | ||
|---|---|---|---|
| 999 |
_c3870 _d3870 |
||
| 001 | 3870 | ||
| 003 | BD-JhCC | ||
| 005 | 20180304110116.0 | ||
| 008 | 710408s1968 enk 000 0 eng | ||
| 035 | _a(BD-JhCC)3870 | ||
| 040 |
_aDLC _cDLC _dDLC |
||
| 041 | _aeng | ||
| 050 | 0 | 0 |
_aPR1271 _b.R66 |
| 082 | 0 | 0 |
_a822/.8/08 _bROW 1968 |
| 100 | 1 | _aRowell, George, | |
| 245 | 1 | 0 |
_aLate Victorian plays, 1890-1914 / _cedited with an introduction by George Rowell. |
| 260 |
_aLondon, _aNew York [etc.] _bOxford U.P., _c1968. |
||
| 300 |
_axv, 507 p. _c16 cm. |
||
| 350 | _a18/- | ||
| 490 | 0 | _aThe World's classics 614 | |
| 505 | 0 | _aThe second Mrs. Tanqueray, by A. W. Pinero.--The liars, by H. A. Jones.--The mollusc, by H. H. Davies.--The Cassilis engagement, by St. J. Hankin.--The Voysey inheritance, by H. Granville-Barker.--Justice, by J. Galsworthy.--Hindle wakes, by S. Houghton. | |
| 650 | 0 |
_aEnglish drama _y19th century. |
|
| 942 |
_2ddc _cBK |
||